Biblioteca

Faith in the halls of power : (Registro nro. 69312)

Detalles MARC
000 -LÍDER
Campo fijo de descripción fija 01515nam a2200325 i 4500
001 - NÚMERO DE CONTROL
Campo de control 768714001
003 - IDENTIFICADOR DEL NÚMERO DE CONTROL
Campo de control CO-MdFUSB
005 - FECHA Y HORA DE LA ULTIMA TRANSACCIÓN
control field 20250421102948.0
008 - ELEMENTOS DE LONGITUD FIJA -- INFORMACIÓN GENERAL
Campo fijo de descripción fija -- Información general 240224t2007 -us |||| |||| 00| 0deng d
020 ## - NÚMERO INTERNACIONAL NORMALIZADO PARA LIBROS
Número Internacional Normalizado del libro 9780195326666
040 ## - FUENTE DE CATALOGACIÓN
Agencia de catalogación original CO-MdFUSB
Idioma de catalogación spa
Agencia que realiza la transcripción CO-MdFUSB
Agencia que realiza la modificación CO-MdFUSBC
Convenciones de la descripción rda
041 ## - CÓDIGO DE IDIOMA
Código de idioma para texto/pista de sonido o título separado eng
082 ## - NÚMERO DE CLASIFICACIÓN DECIMAL DEWEY
Número de la edición del Dewey 24
Número de clasificación 277.3083
Clave de autor-Numero de item L748
100 ## - ASIENTO PRINCIPAL--NOMBRE PERSONAL
Nombre personal Lindsay, D. Michael,
Término relacionador autor
245 1# - TÍTULO
Título del Material Faith in the halls of power :
Parte restante del título - Subtitulo how evangelicals joined the American elite
Mención de responsabilidad, etc. / D. Michael Lindsay
264 #1 - PRODUCCIÓN, PUBLICACIÓN, DISTRIBUCIÓN, MANUFACTURA, Y COPYRIGHT
Nombre del productor, publicador, distribuidor Oxford University Press,
Lugar de producción, publicación, distribución, manufactura New York , Estados Unidos :
Fecha de producción, publicación, distribución, manufactura, o copyright [2007]
264 #4 - PRODUCCIÓN, PUBLICACIÓN, DISTRIBUCIÓN, MANUFACTURA, Y COPYRIGHT
Fecha de producción, publicación, distribución, manufactura, o copyright ©2007
300 ## - DESCRIPCIÓN FÍSICA
Extensión 332 páginas
Dimensiones ; 16 cm
336 ## - TIPO DE CONTENIDO
Fuente rdacontent
Término de tipo de contenido texto
Código de tipo de contenido txt
337 ## - TIPO DE MEDIO
Fuente rdamedia
Nombre del tipo de medio sin mediación
Código del tipo de medio n
338 ## - TIPO DE SOPORTE
Fuente rdacarrier
Nombre del tipo de soporte volumen
Código Tipo de soporte nc
505 ## - NOTA DE CONTENIDO
Título Parte I: Campañas, coaliciones y la oficina oval:
Nota de contenido con formato preestablecido Presidentes y políticas. -- Aliados y enemigos.
Título parte II: Los intelectuales y las arboledas de la academia:
Nota de contenido con formato preestablecido Conocimiento para cambiar la mente. -- Vida de la mente.
Título parte III: Artistas, celebridades y el escenario público:
Nota de contenido con formato preestablecido De la protesta al clientelismo. -- Una revolución cultural.
Título parte IV: Titanes corporativos y la oficina de la esquina:
Nota de contenido con formato preestablecido Empresas amigas de la fe. -- Influencia ejecutiva. -- Conclusión: El cristianismo que mueve el dial.
563 ## - NOTA DE ENCUADERNACIÓN
Nota de encuadernación Rústica
650 #7 - ASIENTO SECUNDARIO DE MATERIA - TERMINO TEMÁTICO
Término temático o nombre geográfico como elemento de entrada Cristianismo
9 (RLIN) 22
650 #7 - ASIENTO SECUNDARIO DE MATERIA - TERMINO TEMÁTICO
Término temático o nombre geográfico como elemento de entrada Religión y política
9 (RLIN) 286
650 #0 - ASIENTO SECUNDARIO DE MATERIA - TERMINO TEMÁTICO
9 (RLIN) 844
Término temático o nombre geográfico como elemento de entrada Iglesia
Subdivisión geográfica Estados Unidos
Subdivisión general Historia
Subdivisión cronológica 2000-
942 ## - TIPO DE MATERIAL (KOHA)
Tipo de Item KOHA Libros General
945 ## - INFORMACIÓN LOCAL DEL REGISTRO
Catalogador LP-1109
Existencias
Estado de Material Estado de Perdido Forma de Clasificación Estado de Dañado No para Préstamo Colección Biblioteca de Origen Biblioteca Permanente Fecha de Adquisición Área Total de Préstamos Signatura Topográfica Código de Barras Última vez visto Ejemplar/Existencia Fecha de Remplazo Tipo de Material
    Dewey Decimal Classification     Colección General Biblioteca FUSBC Biblioteca FUSBC 24/02/2024 RELIGIÓN - RELIGIONES   G 277.3083 L748f 22304 24/02/2024 Ej. 1 24/02/2024 Libros General

Biblioteca FUSBC | Teléfono: (57+4) 349 88 10 Ext. 141| WhatsApp (+57) 3005338115 
E-mail: biblioteca@unisbc.edu.co | Calle 76 87-14 Robledo Palenque, Medellín, Colombia

Con tecnología Koha